| Поле | Инд. | ПП | Название | Значение |
|---|---|---|---|---|
| Тип записи | a | |||
| Библиографический уровень | b | |||
| 001 | Контрольный номер | 891b1d3e3b2a425caed4bc2abbc8f1d7 | ||
| 005 | Дата корректировки | 20250616174542.1 | ||
| 024 | 80 | a | Стандартный номер | 10.1107/S1600576725000615 |
| 040 | a | Служба первич. каталог. | Scopus | |
| 041 | 0_ | a | Код языка текста | eng |
| 097 | a | Костяева О.Г. | ||
| 100 | 1_ | a | Автор | Zakharov M. |
| c | Титул (звания) | кандидат физико-математических наук; доцент (должность); | ||
| j | Принадлежность неизвестного автора к последователям, ученикам, сторонникам, школе и т. д. | государственный университет "Дубна" | ||
| k | Кафедра ядерной физики | |||
| q | Полное имя | Захаров Максим Андреевич | ||
| 100 | 1_ | a | Автор | Frank A. |
| c | Титул (звания) | доктор физико-математических наук; | ||
| i | 000091263 | |||
| g | Прочие сведения | РИНЦ AuthorID: 170574 (http://elibrary.ru/author_profile.asp?id= 170574); Scopus Author ID: 7401661208 (https://www.scopus.com/authid/detail.uri?authorId=7401661208) | ||
| j | Принадлежность неизвестного автора к последователям, ученикам, сторонникам, школе и т. д. | государственный университет "Дубна" | ||
| k | Кафедра ядерной физики; Инженерно-физический институт | |||
| q | Полное имя | Франк Александр Ильич | ||
| u | Дополнение | Франк А. И.; Frank Aleksandr I. | ||
| 100 | 1_ | a | Автор | Kulin G. V. |
| c | Титул (звания) | доцент | ||
| j | Принадлежность неизвестного автора к последователям, ученикам, сторонникам, школе и т. д. | государственный университет "Дубна" | ||
| k | Кафедра ядерной физики; Инженерно-физический институт | |||
| q | Полное имя | Кулин Герман Вячеславович | ||
| 245 | 10 | a | Заглавие | Fourier modal method for calculating neutron scattering from surface-relief and bulk diffraction gratings |
| 513 | a | передано и. о. проректора по научной работе и инновациям | ||
| b | 16.06.2025 | |||
| 773 | 18 | t | Название источника | Journal of Applied Crystallography |
| b | Сведения об издании | John Wiley & Sons, Inc. | ||
| c | United Kingdom | |||
| x | ISSN | 0021-8898 | ||
| d | Место и дата издания | 2025 | ||
| m | Специф. данные | входит в Белый список; входит в Scopus; входит в WoS; входит в ядро РИНЦ; зарубежный журнал; ненулевой импакт-фактор | ||
| o | Прочие индексы | scopus 1.43 | ||
| q | У1 Белый список | |||
| w | Контрольный № источника | b07f0e707e8742deb52c92357f4253f6 | ||
| g | Прочая информация | V. 58. - P. 412-418 | ||
| 901 | t | Тип документа | b | |
| 952 | c | Вид литературы | статья в журнале |